On identifiability of bias-type actuator-sensor faults in multiple-model-based fault detection and identification /

Bibliographic Details
Main Author: Joshi, S. M. (Suresh M.)
Corporate Author: Langley Research Center
Format: Government Document eBook
Language:English
Published: Hampton, Va. : National Aeronautics and Space Administration, Langley Research Center, [2012]
Series:NASA technical memorandum ; 2012-217586.
Subjects:
Online Access:https://purl.fdlp.gov/GPO/gpo30917

MARC

Tag First Indicator Second Indicator Subfields
LEADER 00000cam a2200000 a 4500
001 in00002782713
005 20211120170437.0
006 m o d f
007 cr cn|||||||||
008 121106s2012 vaua obt f000 0 eng c
035 |a (OCoLC)ocn816053627 
040 |a GPO  |c GPO  |d MvI  |d UtOrBLW 
042 |a pcc 
049 |a WWW 
074 |a 0830-D (online) 
086 0 |a NAS 1.15:2012-217586 
100 1 |a Joshi, S. M.  |q (Suresh M.) 
245 1 0 |a On identifiability of bias-type actuator-sensor faults in multiple-model-based fault detection and identification /  |c Suresh M. Joshi. 
264 1 |a Hampton, Va. :  |b National Aeronautics and Space Administration, Langley Research Center,  |c [2012] 
300 |a 1 online resource (9 pages) :  |b color illustrations 
336 |a text  |b txt  |2 rdacontent 
337 |a computer  |b c  |2 rdamedia 
338 |a online resource  |b cr  |2 rdacarrier 
490 1 |a NASA/TM ;  |v 2012-217586 
500 |a Title from title screen (viewed on Nov. 6, 2012). 
500 |a "June 2012." 
504 |a Includes bibliographical references (page 9). 
536 |a Sponsored by National Aeronautics and Space Administration  |h 284848.02.05.07.02 
536 |d L-20149 
500 |a Electronic resource. 
650 7 |a Fault detection.  |2 nasat 
650 7 |a Kalman filters.  |2 nasat 
650 7 |a Actuators.  |2 nasat 
710 2 |a Langley Research Center. 
830 0 |a NASA technical memorandum ;  |v 2012-217586. 
856 4 0 |u https://purl.fdlp.gov/GPO/gpo30917  |t 0 
999 |a MARS 
999 f f |s 7db742df-0155-321b-ab1c-ef387c34d57b  |i 6eea169a-825c-38b3-8add-597ab157d322  |t 0 
952 f f |a Texas A&M University  |b College Station  |c Electronic Resources  |d Available Online  |t 0  |e NAS 1.15:2012-217586  |h Superintendent of Documents classification 
998 f f |a NAS 1.15:2012-217586  |t 0  |l Available Online